02074nam a22006377a 4500003000900000005001700009008004100026020001500067040002800082041000800110044000700118245005700125250001200182260005200194300003200246490002400278505001100302505005800313505003100371505002200402505002200424505002200446505004500468505002200513505002100535505002000556505003300576505002900609505002700638505002900665505004600694505004000740505003000780505003900810505005300849505003100902505003500933505002800968505003200996505002401028505002201052505002101074505002901095650000901124650001301133650001301146650003101159651003001190908000801220930001001228942001301238945002001251980004301271999001701314952010501331AR-RoUNA20251110131424.0251031b |||||||| |||| 00| 0 spa d a8437800218 aAR-RoUNAbspadAR-RoUNA aspa aag10aToda Cordoba :b120 fotografias a todo colorn / v.8 a2a. ed. aBarcelona :bEditorial Escudo de Oro S.A,c1980 a95 p.:bfot. col.c24x21 cm aToda Españavv. 80 tINDICE0 tDe la Cordoba Romana al Esplendor del Califato /p.3 0 tLa Cordoba Musulmana /p.60 tLa Mezquita /p.110 tLa Catedral /p.260 tLa Murallas /p.290 tEl Alcazar de los Reyes Cristianos /p.300 tLa Sinagoga /p.350 tLa Juderia /p.360 tLa Ciudad /p.370 tLos Patios Cordobeses /p.450 tTemplos Cristianos /p.560 tLa Semana Santa /p.600 tLa Plaza del Potro /p.610 tEl Museo Provincial de Bellas Artes /p.650 tMuseo Julio Romero de Torres /p.66 0 tMuseo Arqueologico /p.68 0 tMuseo Historico de la Ciudad /p.720 tMuseo Municipal de Arte Cordobes y Taurino /p.750 tCordoba y los Toros /p.780 tLa Diputacion Provincial /p.790 tFolklore Cordobes /p.800 tGastronomia Cordobesa /p.840 tMedina Azahara/p.850 tLa Arruzafa /p.890 tLa Ermitas /p.910 tLa Noche Cordobesa /p.92 4aArte 4aHistoria 4aMezquita 4aPatrimonio de la Humanidad 4aAndalucia, España94506 aImp e12268 2ddccLIB aMIAd2025-10-31 61aMaricel Allasia85gMaría Machado c12208d12208 00102cdu405070aAR-RoUNAbAR-RoUNAcCold2025-10-31eDonl0o7.032+77 C796p18411tej. 1yLIBx